000 01840nam a2200253Ia 4500
008 260220t1972||||xx |||||||||||||| ||spa||
040 _aPY-SlUNAC
_bspa
_erda
041 _aspa
082 _a547
_bW876c
100 _aWoodward, R. B.
_eAutor
245 0 _aConservación de la simetría orbital /
_cpor R. B. Woodward [Autor] y R. Hoffmann [Autor]
264 _aMadrid :
_bAlhambra,
_c℗1972.
300 _a1 volumen
520 _aEn "Conservación de la simetría orbital", Robert B. Woodward presenta un análisis profundo sobre la relación entre la simetría y la química, enfatizando cómo los principios de conservación de la simetría pueden influir en la reactividad y en el diseño de moléculas. A través de una exploración detallada de los conceptos de simetría en estructuras moleculares, Woodward establece un marco teórico que permite comprender la estabilidad y la selectividad de las reacciones químicas. El autor ilustra su enfoque con ejemplos significativos, que van desde la síntesis de compuestos orgánicos complejos hasta la aplicación de estos principios en la predicción de resultados experimentales. La obra subraya la importancia de la simetría en el desarrollo de nuevas metodologías sintéticas y en la interpretación de comportamientos químicos, convirtiéndose en una referencia fundamental para investigadores y estudiantes de química orgánica. En conjunto, el libro no solo proporciona un fundamento teórico, sino que también inspira la innovación en la práctica química.
653 _aConservación de la simetría
653 _aFísica teórica
653 _aMecánica
700 _aHoffmann, R.
_eAutor
942 _b2026/02/17
_cBK
999 _c7941
_d7941